| 000 | 01495cab a2200229 4500 | ||
|---|---|---|---|
| 001 | ABS46614 | ||
| 008 | 090401t1992 xxu||||| |||| 00| 0 eng d | ||
| 035 | _a(Sirsi) u58874 | ||
| 041 | _aeng | ||
| 245 | _aSimonite v Sheffield CC | ||
| 260 | _c1992 | ||
| 350 | _a0 | ||
| 490 |
_aRent Review & Lease Renewal _v12(3) Spring 1992, 262 |
||
| 520 | _aChD 29 January 1992. The plaintiffs were business tenants of market stalls in two large covered markets, whose tenancies were determined on 24 March 1986 by the defendant council by notice of termination under Landlord and Tenant Act 1954 s25. 380 similar tenancies existed in the markets. The court had to decide the amount of rent payable with a view to identifying the appropriate figures for all the remaining applications, without the necessity for each to come before the court. It was held that the open market rents should be between £7,064 and £13,990 per annum. In coming to this conclusion the valuers considered the fact that they were quarterly tenancies, that the right to assign the tenancy existed, that the council owned the sole right to conduct markets in the buildings, that the supply of stalls was not large and that no assessment should be based simply on a belief in future inflation. | ||
| 650 | _aBUSINESS TENANCIES | ||
| 650 | _aLANDLORD AND TENANT ACT 1954 S25 | ||
| 650 | _aMARKET STALLS | ||
| 650 | _aMARKETS | ||
| 690 | _aLANDLORD AND TENANT-CASE LAW-RENT REVIEWS | ||
| 942 | _n0 | ||
| 948 | _c04/03/1997 | ||
| 999 |
_c36007 _d36007 |
||